000 00563nam a2200181 a 4500
001 000038446
005 20201002031249.0
008 130411s1994 dr r 000 0 spa d
040 _aDO-SdBNP
_bspa
_cBNPHU
082 _axxxx
_bxxxx
100 1 _aSimo, Dennis R.
_914023
245 1 0 _aCredito investigación, analisis y seguimiento /
_cDennis R. Simo.
260 _aSanto Domingo :
_bCentro de Estudios Monetarios y Bancarios,(CEMYB),
_c1994.
300 _a156 p. ;
_c23 cm.
490 1 _aManuales
590 _aInventariado, 2019/BT
830 0 _aManuales
_935652
999 _c37936
_d37936